000
00292nam a22001337a 4500
008
181005b xxu||||| |||| 00| 0 eng d
020
_a
0805396128
041
_a
eng
080
_a
573
100
_a
11
101
_a
BIO
245
_a
Molecular Biology of the Gene
_c
Watson
942
_2
udc
_c
BK
999
_c
48919
_d
48919